| 000 | 00350nam a22001457a 4500 | ||
|---|---|---|---|
| 003 | SGT | ||
| 020 | _a9789390315734 | ||
| 082 |
_a324.254 _bB2OG |
||
| 100 | _aGUPTA, SHANTNU | ||
| 245 | _aBJHARTIYA JANTA PARTY KI GAURAVGATHA | ||
| 260 |
_aINDIA _bPRABHAT PRAKASHAN _c2020 |
||
| 300 | _a406 | ||
| 650 | _aINDIAN POLITICAL PARTIES | ||
| 942 |
_2ddc _cBK |
||
| 999 |
_c26253 _d26253 |
||